[Event "European Chess Club Cup 2023"]
[Site "Durres, Albania"]
[Date "2023.10.06"]
[Round "6.38"]
[White "Petrov, Nikita"]
[Black "Pechac, Jergus"]
[Result "1/2-1/2"]
[TimeControl "90' + 30' & 30\""]
[WhiteElo "2551"]
[BlackElo "2596"]

1. d4 {[%clk 01:30:57]} {[%emt 00:00:03]} Nf6 {[%clk 01:30:52]} {[%emt
00:00:09]} 2. c4 {[%clk 01:31:15]} {[%emt 00:00:11]} e6 {[%clk 01:31:16]}
{[%emt 00:00:06]} 3. Nf3 {[%clk 01:31:29]} {[%emt 00:00:16]} d5 {[%clk
01:31:39]} {[%emt 00:00:07]} 4. g3 {[%clk 01:31:29]} {[%emt 00:00:31]} dxc4
{[%clk 01:31:51]} {[%emt 00:00:17]} 5. Bg2 {[%clk 01:31:27]} {[%emt 00:00:33]}
c6 {[%clk 01:32:07]} {[%emt 00:00:14]} 6. O-O {[%clk 01:29:52]} {[%emt
00:02:05]} b5 {[%clk 01:32:25]} {[%emt 00:00:11]} 7. Ne5 {[%clk 01:27:38]}
{[%emt 00:02:45]} Bb7 {[%clk 01:32:45]} {[%emt 00:00:09]} 8. b3 {[%clk
01:26:06]} {[%emt 00:02:03]} cxb3 {[%clk 01:33:05]} {[%emt 00:00:09]} 9. Qxb3
{[%clk 01:26:28]} {[%emt 00:00:08]} Qxd4 {[%clk 01:33:08]} {[%emt 00:00:27]} 10.
Bf4 {[%clk 01:26:45]} {[%emt 00:00:14]} Nd5 {[%clk 01:30:06]} {[%emt 00:03:30]}
11. Rd1 {[%clk 01:14:36]} {[%emt 00:12:40]} Qa4 {[%clk 01:26:40]} {[%emt
00:03:55]} 12. Qd3 {[%clk 01:10:26]} {[%emt 00:04:41]} Be7 {[%clk 01:27:03]}
{[%emt 00:00:07]} 13. Nc3 {[%clk 00:53:47]} {[%emt 00:17:09]} Qa6 {[%clk
01:27:25]} {[%emt 00:00:08]} 14. Nxd5 {[%clk 00:47:14]} {[%emt 00:07:04]} cxd5
{[%clk 01:27:47]} {[%emt 00:00:07]} 15. e4 {[%clk 00:45:43]} {[%emt 00:02:01]}
d4 {[%clk 01:28:11]} {[%emt 00:00:06]} 16. Qb3 {[%clk 00:28:10]} {[%emt
00:18:04]} O-O {[%clk 01:21:39]} {[%emt 00:07:01]} 17. a4 {[%clk 00:27:49]}
{[%emt 00:00:51]} b4 {[%clk 01:05:46]} {[%emt 00:16:23]} 18. a5 {[%clk
00:24:25]} {[%emt 00:03:54]} Qb5 {[%clk 01:05:28]} {[%emt 00:00:48]} 19. Bf1
{[%clk 00:21:38]} {[%emt 00:03:17]} Qe8 {[%clk 01:05:43]} {[%emt 00:00:15]} 20.
a6 {[%clk 00:20:06]} {[%emt 00:02:03]} Bxe4 {[%clk 01:00:21]} {[%emt 00:05:52]}
21. Rxd4 {[%clk 00:20:32]} {[%emt 00:00:04]} Bc6 {[%clk 01:00:37]} {[%emt
00:00:12]} 22. Rc1 {[%clk 00:18:20]} {[%emt 00:02:42]} Bb5 {[%clk 00:56:16]}
{[%emt 00:04:51]} 23. Bxb5 {[%clk 00:14:50]} {[%emt 00:04:01]} Qxb5 {[%clk
00:56:40]} {[%emt 00:00:06]} 24. Rc7 {[%clk 00:15:18]} {[%emt 00:00:02]} Qe8
{[%clk 00:41:39]} {[%emt 00:15:30]} 25. Qc4 {[%clk 00:13:07]} {[%emt 00:02:42]}
b3 {[%clk 00:35:56]} {[%emt 00:06:13]} 26. Rb7 {[%clk 00:11:11]} {[%emt
00:02:27]} Bf6 {[%clk 00:35:23]} {[%emt 00:01:03]} 27. Rd6 {[%clk 00:09:18]}
{[%emt 00:02:17]} b2 {[%clk 00:26:15]} {[%emt 00:09:43]} 28. Rxb2 {[%clk
00:04:40]} {[%emt 00:05:08]} Bxe5 {[%clk 00:17:30]} {[%emt 00:09:15]} 29. Bxe5
{[%clk 00:05:04]} {[%emt 00:00:06]} Nd7 {[%clk 00:16:59]} {[%emt 00:01:00]} 30.
Bd4 {[%clk 00:01:28]} {[%emt 00:04:07]} Rc8 {[%clk 00:17:03]} {[%emt 00:00:25]}
31. Qa4 {[%clk 00:00:47]} {[%emt 00:01:12]} Nf6 {[%clk 00:10:41]} {[%emt
00:06:52]} 32. Qxe8 {[%clk 00:00:43]} {[%emt 00:00:34]} Nxe8 {[%clk 00:11:05]}
{[%emt 00:00:06]} 33. Rd7 {[%clk 00:01:00]} {[%emt 00:00:13]} Rc1+ {[%clk
00:10:54]} {[%emt 00:00:41]} 34. Kg2 {[%clk 00:01:26]} {[%emt 00:00:04]} Nc7
{[%clk 00:11:13]} {[%emt 00:00:10]} 35. Be3 {[%clk 00:00:36]} {[%emt 00:01:21]}
Rc6 {[%clk 00:07:48]} {[%emt 00:03:55]} 36. Rb7 {[%clk 00:00:38]} {[%emt
00:00:28]} Nxa6 {[%clk 00:07:31]} {[%emt 00:00:46]} 37. Bxa7 {[%clk 00:00:53]}
{[%emt 00:00:17]} Rc4 {[%clk 00:05:43]} {[%emt 00:02:17]} 38. Be3 {[%clk
00:00:47]} {[%emt 00:00:36]} Nb8 {[%clk 00:05:51]} {[%emt 00:00:22]} 39. Re7
{[%clk 00:00:40]} {[%emt 00:00:37]} Nc6 {[%clk 00:04:41]} {[%emt 00:01:40]} 40.
Rec7 {[%clk 00:00:50]} {[%emt 00:00:20]} Rb4 {[%clk 00:01:28]} {[%emt
00:03:43]} 41. Bb6 {[%clk 00:27:07]} {[%emt 00:04:13]} Ne5 {[%clk 00:30:50]}
{[%emt 00:01:08]} 42. h4 {[%clk 00:26:58]} {[%emt 00:00:39]} h5 {[%clk
00:29:40]} {[%emt 00:01:40]} 43. Ba7 {[%clk 00:25:13]} {[%emt 00:02:15]} Rxb7
{[%clk 00:29:34]} {[%emt 00:00:36]} 44. Rxb7 {[%clk 00:25:40]} {[%emt
00:00:04]} Rd8 {[%clk 00:29:19]} {[%emt 00:00:43]} 45. Rb5 {[%clk 00:24:28]}
{[%emt 00:01:43]} Rd5 {[%clk 00:29:23]} {[%emt 00:00:26]} 46. Rb2 {[%clk
00:24:42]} {[%emt 00:00:16]} Kh7 {[%clk 00:29:29]} {[%emt 00:00:24]} 47. Ra2
{[%clk 00:24:19]} {[%emt 00:00:52]} Kg6 {[%clk 00:29:49]} {[%emt 00:00:10]} 48.
Be3 {[%clk 00:24:44]} {[%emt 00:00:06]} Ng4 {[%clk 00:30:02]} {[%emt 00:00:18]}
49. Ba7 {[%clk 00:24:42]} {[%emt 00:00:32]} Rd1 {[%clk 00:29:38]} {[%emt
00:00:53]} 50. Bb8 {[%clk 00:24:26]} {[%emt 00:00:46]} Nf6 {[%clk 00:29:41]}
{[%emt 00:00:28]} 51. Ba7 {[%clk 00:24:32]} {[%emt 00:00:23]} Nd5 {[%clk
00:30:05]} {[%emt 00:00:05]} 52. Bc5 {[%clk 00:24:38]} {[%emt 00:00:25]} Rc1
{[%clk 00:30:15]} {[%emt 00:00:20]} 53. Bd4 {[%clk 00:24:50]} {[%emt 00:00:19]}
Nb4 {[%clk 00:30:33]} {[%emt 00:00:12]} 54. Ra5 {[%clk 00:24:22]} {[%emt
00:00:57]} f6 {[%clk 00:30:23]} {[%emt 00:00:40]} 55. Be3 {[%clk 00:24:25]}
{[%emt 00:00:27]} Rc2 {[%clk 00:30:27]} {[%emt 00:00:26]} 56. Ra4 {[%clk
00:22:04]} {[%emt 00:02:51]} Nd5 {[%clk 00:30:47]} {[%emt 00:00:10]} 57. Kf3
{[%clk 00:20:48]} {[%emt 00:01:47]} Kf5 {[%clk 00:31:00]} {[%emt 00:00:17]} 58.
Ra5 {[%clk 00:19:28]} {[%emt 00:01:49]} Rc4 {[%clk 00:31:15]} {[%emt 00:00:14]}
59. Ra7 {[%clk 00:19:42]} {[%emt 00:00:17]} Rc7 {[%clk 00:30:59]} {[%emt
00:00:47]} 60. Ra5 {[%clk 00:20:06]} {[%emt 00:00:05]} Rd7 {[%clk 00:31:10]}
{[%emt 00:00:18]} 61. Rb5 {[%clk 00:20:24]} {[%emt 00:00:13]} e5 {[%clk
00:31:27]} {[%emt 00:00:13]} 62. Ra5 {[%clk 00:20:31]} {[%emt 00:00:23]} Nc3
{[%clk 00:31:17]} {[%emt 00:00:40]} 63. Rc5 {[%clk 00:20:29]} {[%emt 00:00:32]}
Rd3 {[%clk 00:31:35]} {[%emt 00:00:12]} 64. Ra5 {[%clk 00:19:30]} {[%emt
00:01:29]} Rd1 {[%clk 00:31:18]} {[%emt 00:00:46]} 65. Ra7 {[%clk 00:19:32]}
{[%emt 00:00:29]} Rg1 {[%clk 00:31:13]} {[%emt 00:00:35]} 66. Bd2 {[%clk
00:18:01]} {[%emt 00:02:01]} Ne4 {[%clk 00:29:40]} {[%emt 00:02:04]} 67. Be3
{[%clk 00:18:24]} {[%emt 00:00:07]} g6 {[%clk 00:29:35]} {[%emt 00:00:34]} 68.
Rc7 {[%clk 00:18:40]} {[%emt 00:00:14]} Nd6 {[%clk 00:29:30]} {[%emt 00:00:35]}
69. Rc6 {[%clk 00:17:37]} {[%emt 00:01:34]} Nf7 {[%clk 00:29:39]} {[%emt
00:00:21]} 70. Rc5 {[%clk 00:17:10]} {[%emt 00:00:57]} Nd8 {[%clk 00:29:44]}
{[%emt 00:00:24]} 71. Rc8 {[%clk 00:16:12]} {[%emt 00:01:28]} Nb7 {[%clk
00:28:29]} {[%emt 00:01:45]} 72. Rc6 {[%clk 00:16:05]} {[%emt 00:00:37]} Rd1
{[%clk 00:28:03]} {[%emt 00:00:57]} 73. Ke2 {[%clk 00:16:15]} {[%emt 00:00:19]}
Rd5 {[%clk 00:28:16]} {[%emt 00:00:17]} 74. Kf3 {[%clk 00:16:18]} {[%emt
00:00:27]} Nd6 {[%clk 00:28:33]} {[%emt 00:00:13]} 75. Ra6 {[%clk 00:16:30]}
{[%emt 00:00:17]} Nc4 {[%clk 00:28:41]} {[%emt 00:00:23]} 76. Ra4 {[%clk
00:12:58]} {[%emt 00:04:02]} Nb2 {[%clk 00:28:42]} {[%emt 00:00:29]} 77. Ra6
{[%clk 00:13:10]} {[%emt 00:00:18]} Nd3 {[%clk 00:28:59]} {[%emt 00:00:13]} 78.
Ra1 {[%clk 00:11:29]} {[%emt 00:02:11]} Rb5 {[%clk 00:29:14]} {[%emt 00:00:15]}
79. Rd1 {[%clk 00:10:58]} {[%emt 00:01:00]} Rb2 {[%clk 00:29:22]} {[%emt
00:00:23]} 80. Ra1 {[%clk 00:10:38]} {[%emt 00:00:50]} e4+ {[%clk 00:25:15]}
{[%emt 00:04:37]} 81. Kg2 {[%clk 00:11:04]} {[%emt 00:00:04]} Kg4 {[%clk
00:25:35]} {[%emt 00:00:10]} 82. Ra4 {[%clk 00:07:15]} {[%emt 00:04:19]} f5
{[%clk 00:25:19]} {[%emt 00:00:46]} 83. Ra6 {[%clk 00:03:57]} {[%emt 00:03:48]}
Ne1+ {[%clk 00:25:26]} {[%emt 00:00:22]} 84. Kh2 {[%clk 00:02:55]} {[%emt
00:01:33]} g5 {[%clk 00:20:39]} {[%emt 00:05:17]} 85. Rg6 {[%clk 00:02:01]}
{[%emt 00:01:24]} Nf3+ {[%clk 00:04:37]} {[%emt 00:16:33]} 86. Kg2 {[%clk
00:02:29]} {[%emt 00:00:02]} f4 {[%clk 00:05:00]} {[%emt 00:00:06]} 87. Bxf4
{[%clk 00:02:33]} {[%emt 00:00:26]} Ne1+ {[%clk 00:05:24]} {[%emt 00:00:06]} 88.
Kf1 {[%clk 00:00:47]} {[%emt 00:02:17]} Rb1 {[%clk 00:05:52]} 89. Ke2 {[%clk
00:00:49]} {[%emt 00:00:29]} Nf3 {[%clk 00:06:15]} {[%emt 00:00:07]} 90. Rxg5+
{[%clk 00:01:00]} {[%emt 00:00:19]} Kh3 {[%clk 00:05:25]} {[%emt 00:01:20]} 91.
Bd2 {[%clk 00:01:07]} {[%emt 00:00:22]} Rb2 {[%clk 00:01:28]} {[%emt 00:04:27]}
92. Rxh5 {[%clk 00:00:44]} {[%emt 00:00:54]} Rxd2+ {[%clk 00:01:55]} {[%emt
00:00:02]} 93. Ke3 {[%clk 00:01:13]} {[%emt 00:00:01]} Rd4 {[%clk 00:02:12]}
{[%emt 00:00:13]} 94. Rh8 {[%clk 00:01:09]} {[%emt 00:00:35]} Ra4 {[%clk
00:01:08]} {[%emt 00:01:33]} 95. Re8 {[%clk 00:01:14]} {[%emt 00:00:25]} Nh2
{[%clk 00:01:33]} {[%emt 00:00:05]} 96. Rxe4 {[%clk 00:01:05]} {[%emt
00:00:40]} Ng4+ {[%clk 00:01:55]} {[%emt 00:00:07]} 97. Kf4 {[%clk 00:01:18]}
{[%emt 00:00:17]} Rxe4+ {[%clk 00:01:38]} {[%emt 00:00:15]} 98. Kxe4 {[%emt
00:00:40]} 1/2-1/2

[Event "European Chess Club Cup 2023"]
[Site "Durres, Albania"]
[Date "2023.10.06"]
[Round "6.39"]
[White "Banusz, Tamas"]
[Black "Draskovic, Luka"]
[Result "1-0"]
[TimeControl "90' + 30' & 30\""]
[WhiteElo "2600"]
[BlackElo "2481"]

1. d4 {[%clk 01:30:57]} {[%emt 00:00:03]} d6 {[%clk 01:30:38]} {[%emt
00:00:23]} 2. Nf3 {[%clk 01:31:01]} {[%emt 00:00:25]} Nf6 {[%clk 01:31:01]}
{[%emt 00:00:08]} 3. Bf4 {[%clk 01:28:44]} {[%emt 00:02:47]} g6 {[%clk
01:30:48]} {[%emt 00:00:43]} 4. c3 {[%clk 01:28:35]} {[%emt 00:00:39]} Bg7
{[%clk 01:30:09]} {[%emt 00:01:09]} 5. h3 {[%clk 01:28:52]} {[%emt 00:00:12]}
O-O {[%clk 01:29:23]} {[%emt 00:01:17]} 6. e3 {[%clk 01:29:09]} {[%emt
00:00:10]} Nc6 {[%clk 01:25:38]} {[%emt 00:04:19]} 7. Be2 {[%clk 01:28:10]}
{[%emt 00:01:28]} Nd7 {[%clk 01:24:58]} {[%emt 00:01:10]} 8. O-O {[%clk
01:28:16]} {[%emt 00:00:24]} e5 {[%clk 01:24:46]} {[%emt 00:00:43]} 9. Bh2
{[%clk 01:28:36]} {[%emt 00:00:09]} Qe7 {[%clk 01:18:30]} {[%emt 00:06:46]} 10.
c4 {[%clk 01:27:01]} {[%emt 00:02:05]} exd4 {[%clk 01:02:31]} {[%emt 00:16:29]}
11. exd4 {[%clk 01:27:10]} {[%emt 00:00:20]} Qf6 {[%clk 00:51:49]} {[%emt
00:11:12]} 12. Nc3 {[%clk 01:27:15]} {[%emt 00:00:26]} Nxd4 {[%clk 00:50:23]}
{[%emt 00:01:56]} 13. Nxd4 {[%clk 01:25:00]} {[%emt 00:02:44]} Qxd4 {[%clk
00:48:39]} {[%emt 00:02:15]} 14. Nd5 {[%clk 01:25:07]} {[%emt 00:00:23]} c6
{[%clk 00:32:06]} {[%emt 00:17:03]} 15. Nc7 {[%clk 01:04:59]} {[%emt 00:20:37]}
Rb8 {[%clk 00:31:26]} {[%emt 00:01:11]} 16. Bxd6 {[%clk 01:05:08]} {[%emt
00:00:21]} Qxb2 {[%clk 00:15:49]} {[%emt 00:16:06]} 17. Rb1 {[%clk 01:03:38]}
{[%emt 00:02:01]} Qf6 {[%clk 00:16:16]} {[%emt 00:00:04]} 18. Na6 {[%clk
00:48:16]} {[%emt 00:15:52]} Ra8 {[%clk 00:16:23]} {[%emt 00:00:23]} 19. Bxf8
{[%clk 00:48:05]} {[%emt 00:00:40]} Bxf8 {[%clk 00:16:20]} {[%emt 00:00:34]} 20.
Bg4 {[%clk 00:46:50]} {[%emt 00:01:44]} Nb6 {[%clk 00:10:42]} {[%emt 00:06:08]}
21. Bxc8 {[%clk 00:43:40]} {[%emt 00:03:40]} Rxc8 {[%clk 00:10:38]} {[%emt
00:00:34]} 22. c5 {[%clk 00:44:03]} {[%emt 00:00:07]} Nd5 {[%clk 00:06:54]}
{[%emt 00:04:14]} 23. Rxb7 {[%clk 00:44:08]} {[%emt 00:00:26]} Nf4 {[%clk
00:06:43]} {[%emt 00:00:41]} 24. Qf3 {[%clk 00:36:35]} {[%emt 00:08:02]} Re8
{[%clk 00:05:12]} {[%emt 00:02:01]} 25. Kh1 {[%clk 00:34:28]} {[%emt 00:02:36]}
Qd4 {[%clk 00:03:34]} {[%emt 00:02:08]} 26. Rd1 {[%clk 00:31:26]} {[%emt
00:03:32]} Qc4 {[%clk 00:03:05]} {[%emt 00:01:00]} 27. Qb3 {[%clk 00:28:58]}
{[%emt 00:02:58]} Qxb3 {[%clk 00:03:10]} {[%emt 00:00:25]} 28. axb3 {[%clk
00:29:18]} {[%emt 00:00:10]} Re2 {[%clk 00:03:04]} {[%emt 00:00:36]} 29. Kg1
{[%clk 00:26:50]} {[%emt 00:02:58]} Ra2 {[%clk 00:02:46]} {[%emt 00:00:48]} 30.
Nb4 {[%clk 00:25:57]} {[%emt 00:01:24]} Rb2 {[%clk 00:03:00]} {[%emt 00:00:15]}
31. Nd3 {[%clk 00:24:59]} {[%emt 00:01:28]} Nxd3 {[%clk 00:03:22]} {[%emt
00:00:07]} 32. Rxd3 {[%clk 00:25:25]} {[%emt 00:00:05]} Bxc5 {[%clk 00:03:48]}
{[%emt 00:00:04]} 33. Rf3 {[%clk 00:25:47]} {[%emt 00:00:08]} f5 {[%clk
00:03:11]} {[%emt 00:01:07]} 34. Rd3 {[%clk 00:24:08]} {[%emt 00:02:09]} Bxf2+
{[%clk 00:03:35]} {[%emt 00:00:06]} 35. Kh2 {[%clk 00:22:48]} {[%emt 00:01:49]}
1-0

[Event "European Chess Club Cup 2023"]
[Site "Durres, Albania"]
[Date "2023.10.06"]
[Round "6.40"]
[White "Djurovic, Peko"]
[Black "Ivic, Velimir"]
[Result "1-0"]
[TimeControl "90' + 30' & 30\""]
[WhiteElo "2327"]
[BlackElo "2562"]

1. e4 {[%clk 01:30:56]} {[%emt 00:00:03]} c5 {[%clk 01:30:40]} {[%emt
00:00:20]} 2. Nf3 {[%clk 01:31:05]} {[%emt 00:00:21]} Nc6 {[%clk 01:30:21]}
{[%emt 00:00:49]} 3. Bb5 {[%clk 01:30:30]} {[%emt 00:01:06]} e6 {[%clk
01:29:00]} {[%emt 00:01:51]} 4. c3 {[%clk 01:29:45]} {[%emt 00:01:16]} a6
{[%clk 01:28:01]} {[%emt 00:01:28]} 5. Ba4 {[%clk 01:29:40]} {[%emt 00:00:34]}
b5 {[%clk 01:27:41]} {[%emt 00:00:50]} 6. Bc2 {[%clk 01:29:51]} {[%emt
00:00:20]} Bb7 {[%clk 01:27:53]} {[%emt 00:00:18]} 7. O-O {[%clk 01:28:24]}
{[%emt 00:01:57]} Nf6 {[%clk 01:27:01]} {[%emt 00:01:21]} 8. d4 {[%clk
01:21:02]} {[%emt 00:07:52]} cxd4 {[%clk 01:24:20]} {[%emt 00:03:11]} 9. e5
{[%clk 01:15:00]} {[%emt 00:06:33]} Nd5 {[%clk 01:15:04]} {[%emt 00:09:45]} 10.
cxd4 {[%clk 01:11:13]} {[%emt 00:04:18]} d6 {[%clk 01:14:19]} {[%emt 00:01:15]}
11. exd6 {[%clk 01:03:21]} {[%emt 00:08:22]} Bxd6 {[%clk 01:14:12]} {[%emt
00:00:37]} 12. Nc3 {[%clk 01:03:12]} {[%emt 00:00:39]} Ncb4 {[%clk 01:08:08]}
{[%emt 00:06:34]} 13. Bb3 {[%clk 01:02:02]} {[%emt 00:01:40]} Nxc3 {[%clk
01:06:32]} {[%emt 00:02:07]} 14. bxc3 {[%clk 01:02:30]} {[%emt 00:00:02]} Nd5
{[%clk 01:06:53]} {[%emt 00:00:08]} 15. Qd3 {[%clk 01:00:42]} {[%emt 00:02:18]}
Rc8 {[%clk 00:59:28]} {[%emt 00:07:55]} 16. Bd2 {[%clk 00:59:51]} {[%emt
00:01:21]} Qf6 {[%clk 00:48:47]} {[%emt 00:11:11]} 17. a4 {[%clk 00:58:13]}
{[%emt 00:02:08]} Nf4 {[%clk 00:27:19]} {[%emt 00:21:57]} 18. Bxf4 {[%clk
00:57:07]} {[%emt 00:01:36]} Qxf4 {[%clk 00:27:44]} {[%emt 00:00:05]} 19. d5
{[%clk 00:54:30]} {[%emt 00:03:07]} O-O {[%clk 00:25:40]} {[%emt 00:02:34]} 20.
axb5 {[%clk 00:41:07]} {[%emt 00:13:53]} axb5 {[%clk 00:25:41]} {[%emt
00:00:30]} 21. Ra7 {[%clk 00:09:05]} {[%emt 00:32:32]} Rc7 {[%clk 00:17:30]}
{[%emt 00:08:40]} 22. g3 {[%clk 00:07:05]} {[%emt 00:02:31]} Qf6 {[%clk
00:16:12]} {[%emt 00:01:48]} 23. Rxb7 {[%clk 00:05:49]} {[%emt 00:01:45]} Rxb7
{[%clk 00:14:02]} {[%emt 00:02:40]} 24. dxe6 {[%clk 00:06:12]} {[%emt
00:00:07]} Rbb8 {[%clk 00:01:07]} {[%emt 00:13:25]} 25. Qxd6 {[%clk 00:02:50]}
{[%emt 00:03:52]} Qxf3 {[%clk 00:01:32]} {[%emt 00:00:05]} 26. e7 {[%clk
00:03:16]} {[%emt 00:00:06]} Rfe8 {[%clk 00:01:26]} {[%emt 00:00:35]} 27. Re1
{[%clk 00:03:43]} {[%emt 00:00:02]} Rbc8 {[%clk 00:00:46]} {[%emt 00:01:11]} 28.
Bd5 {[%clk 00:00:55]} {[%emt 00:03:18]} Qf6 {[%clk 00:00:46]} {[%emt 00:00:30]}
29. Qd7 {[%clk 00:01:20]} {[%emt 00:00:05]} g6 {[%clk 00:00:33]} {[%emt
00:00:43]} 30. Bb7 {[%clk 00:01:38]} {[%emt 00:00:12]} Qxc3 {[%clk 00:00:32]}
{[%emt 00:00:31]} 31. Re3 {[%clk 00:01:44]} {[%emt 00:00:24]} Qc1+ {[%clk
00:00:42]} {[%emt 00:00:19]} 32. Kg2 {[%clk 00:02:13]} {[%emt 00:00:02]} Rb8
{[%clk 00:00:47]} {[%emt 00:00:25]} 33. Bc6 {[%clk 00:02:41]} {[%emt 00:00:02]}
Qc5 {[%clk 00:00:36]} {[%emt 00:00:41]} 34. Qxe8+ {[%clk 00:01:56]} {[%emt
00:01:15]} Rxe8 {[%clk 00:01:04]} {[%emt 00:00:02]} 35. Bxe8 {[%clk 00:02:24]}
{[%emt 00:00:02]} Qd5+ {[%clk 00:01:16]} {[%emt 00:00:19]} 36. Kf1 {[%clk
00:01:59]} {[%emt 00:00:54]} Qc4+ {[%clk 00:00:32]} {[%emt 00:01:14]} 37. Re2
{[%clk 00:02:04]} {[%emt 00:00:25]} Kg7 {[%clk 00:00:34]} {[%emt 00:00:28]} 38.
Bxb5 {[%clk 00:00:48]} {[%emt 00:01:46]} Qd5 {[%clk 00:00:57]} {[%emt
00:00:07]} 39. Kg1 {[%clk 00:01:10]} {[%emt 00:00:08]} Qd1+ {[%clk 00:00:35]}
{[%emt 00:00:51]} 40. Kg2 {[%clk 00:01:35]} {[%emt 00:00:06]} Qd5+ {[%clk
00:01:01]} {[%emt 00:00:04]} 41. f3 {[%clk 00:01:53]} {[%emt 00:00:12]} 1-0

[Event "European Chess Club Cup 2023"]
[Site "Durres, Albania"]
[Date "2023.10.06"]
[Round "6.41"]
[White "Balog, Imre"]
[Black "Kisic, Bozidar"]
[Result "1-0"]
[TimeControl "90' + 30' & 30\""]
[WhiteElo "2622"]
[BlackElo "2211"]

1. d4 {[%clk 01:30:50]} {[%emt 00:00:08]} d5 {[%clk 01:30:43]} {[%emt
00:00:18]} 2. Nf3 {[%clk 01:30:57]} {[%emt 00:00:23]} e6 {[%clk 01:30:44]}
{[%emt 00:00:29]} 3. c4 {[%clk 01:30:56]} {[%emt 00:00:31]} c6 {[%clk
01:31:03]} {[%emt 00:00:11]} 4. Qc2 {[%clk 01:29:50]} {[%emt 00:01:35]} f5
{[%clk 01:30:49]} {[%emt 00:00:44]} 5. g3 {[%clk 01:22:01]} {[%emt 00:08:20]}
Nf6 {[%clk 01:30:59]} {[%emt 00:00:19]} 6. Bg2 {[%clk 01:22:24]} {[%emt
00:00:08]} Bd6 {[%clk 01:30:56]} {[%emt 00:00:33]} 7. O-O {[%clk 01:22:37]}
{[%emt 00:00:16]} O-O {[%clk 01:31:13]} {[%emt 00:00:13]} 8. Nc3 {[%clk
01:23:03]} {[%emt 00:00:05]} Qe7 {[%clk 01:28:24]} {[%emt 00:03:18]} 9. Rb1
{[%clk 01:22:03]} {[%emt 00:01:31]} Ne4 {[%clk 01:24:20]} {[%emt 00:04:33]} 10.
b4 {[%clk 01:20:07]} {[%emt 00:02:27]} Nd7 {[%clk 01:07:04]} {[%emt 00:17:46]}
11. b5 {[%clk 01:18:03]} {[%emt 00:02:34]} Nxc3 {[%clk 00:59:02]} {[%emt
00:08:32]} 12. Qxc3 {[%clk 01:18:07]} {[%emt 00:00:26]} Nf6 {[%clk 00:44:01]}
{[%emt 00:15:31]} 13. Ne5 {[%clk 01:11:17]} {[%emt 00:07:20]} cxb5 {[%clk
00:32:52]} {[%emt 00:11:39]} 14. Rxb5 {[%clk 01:10:11]} Qc7 {[%clk 00:29:46]}
{[%emt 00:05:11]} 15. Ba3 {[%clk 01:09:54]} {[%emt 00:00:47]} Rd8 {[%clk
00:26:01]} {[%emt 00:04:16]} 16. Bxd6 {[%clk 01:09:03]} {[%emt 00:01:20]} Rxd6
{[%clk 00:26:10]} {[%emt 00:00:21]} 17. Rc1 {[%clk 01:09:21]} {[%emt 00:00:13]}
Bd7 {[%clk 00:23:24]} {[%emt 00:03:17]} 18. Rc5 {[%clk 01:07:06]} {[%emt
00:02:44]} Qd8 {[%clk 00:22:10]} {[%emt 00:01:44]} 19. cxd5 {[%clk 01:05:37]}
{[%emt 00:01:59]} Nxd5 {[%clk 00:21:55]} {[%emt 00:00:45]} 20. Qb3 {[%clk
01:02:30]} {[%emt 00:03:37]} Bc6 {[%clk 00:21:10]} {[%emt 00:01:15]} 21. Nxc6
{[%clk 01:01:14]} {[%emt 00:01:46]} bxc6 {[%clk 00:20:59]} {[%emt 00:00:42]} 22.
Qa4 {[%clk 01:01:38]} {[%emt 00:00:05]} Qg5 {[%clk 00:13:36]} {[%emt 00:07:52]}
23. Rxc6 {[%clk 00:59:11]} {[%emt 00:02:58]} Rad8 {[%clk 00:13:18]} {[%emt
00:00:48]} 24. e3 {[%clk 00:59:34]} {[%emt 00:00:07]} h5 {[%clk 00:11:17]}
{[%emt 00:02:31]} 25. Rxd6 {[%clk 00:58:28]} {[%emt 00:01:35]} Rxd6 {[%clk
00:11:40]} {[%emt 00:00:07]} 26. Rc6 {[%clk 00:58:40]} {[%emt 00:00:18]} Nb6
{[%clk 00:06:21]} {[%emt 00:05:51]} 27. Qxa7 {[%clk 00:58:18]} {[%emt
00:00:52]} Rxc6 {[%clk 00:06:42]} {[%emt 00:00:08]} 28. Bxc6 {[%clk 00:58:44]}
{[%emt 00:00:04]} Nc4 {[%clk 00:07:05]} {[%emt 00:00:07]} 29. Qb8+ {[%clk
00:58:07]} {[%emt 00:01:07]} Kh7 {[%clk 00:07:15]} {[%emt 00:00:19]} 30. Qb3
{[%clk 00:58:34]} {[%emt 00:00:04]} Nd2 {[%clk 00:06:33]} {[%emt 00:01:12]} 31.
Qc2 {[%clk 00:58:47]} {[%emt 00:00:16]} 1-0